Cost benefit analysis of the private sector environmental investments: a case study of the Kunda Cement Factory (Record no. 38993)

MARC details
000 -LEADER
fixed length control field 00758nam a2200169 a 4500
008 - FIXED-LENGTH DATA ELEMENTS--GENERAL INFORMATION
fixed length control field 120416s1996 ||||||||||||||||| || u
020 ## - INTERNATIONAL STANDARD BOOK NUMBER
International Standard Book Number 0821337386
050 ## - LIBRARY OF CONGRESS CALL NUMBER
Classification number IBRD-IFC(08)DP/30
100 ## - MAIN ENTRY--PERSONAL NAME
Personal name Karmokolias, Yannis
245 10 - TITLE STATEMENT
Title Cost benefit analysis of the private sector environmental investments: a case study of the Kunda Cement Factory
260 ## - PUBLICATION, DISTRIBUTION, ETC.
Place of publication, distribution, etc. Washington, D.C.
Name of publisher, distributor, etc. World Bank
Date of publication, distribution, etc. 1996
300 ## - PHYSICAL DESCRIPTION
Extent vii, 32p. : ill.
350 ## - PRICE (NR) (BK AM CF MU VM SE) [OBSOLETE]
Price 0.00
490 ## - SERIES STATEMENT
Series statement International Finance Corporation Discussion Papers
650 ## - SUBJECT ADDED ENTRY--TOPICAL TERM
Topical term or geographic name entry element CEMENT INDUSTRY--WASTE DISPOSAL--ESTONIA--KUNDA--COST EFFECTIVENESS--CASE STUDIES
995 ## - RECOMMENDATION 995 [LOCAL, UNIMARC FRANCE]
-- 0.00
-- CBU-MAIN LIBRARY (Kitwe)
-- 1
-- 0.00
-- 1
-- AVAILABLE
-- International Publications
Holdings
Withdrawn status Lost status Source of classification or shelving scheme Damaged status Not for loan Home library Current library Shelving location Date acquired Total Checkouts Full call number Barcode Date last seen Price effective from Koha item type
          CBU-MAIN LIBRARY, KITWE. CBU-MAIN LIBRARY, KITWE.   11/30/2022   IBRD-IFC(08)DP/30 019433 11/30/2022 11/30/2022 MONOGRAPH